<?xml version="1.0" encoding="UTF-8"?>
<record
    xmlns:xsi="http://www.w3.org/2001/XMLSchema-instance"
    xsi:schemaLocation="http://www.loc.gov/MARC21/slim http://www.loc.gov/standards/marcxml/schema/MARC21slim.xsd"
    xmlns="http://www.loc.gov/MARC21/slim">

  <leader>01745nam a2200265 a 4500</leader>
  <controlfield tag="001">77840</controlfield>
  <controlfield tag="003">BD-RjUL</controlfield>
  <controlfield tag="005">20211209083038.0</controlfield>
  <controlfield tag="008">210127s2007    bg a|||| m||| 00| 0 ben d</controlfield>
  <datafield tag="035" ind1=" " ind2=" ">
    <subfield code="a">(BD-RjUL)78066</subfield>
  </datafield>
  <datafield tag="040" ind1=" " ind2=" ">
    <subfield code="a">BD-RjUL</subfield>
    <subfield code="b">ben /eng</subfield>
    <subfield code="c">BD-RjUL</subfield>
    <subfield code="d">BD-RjUL</subfield>
  </datafield>
  <datafield tag="041" ind1=" " ind2=" ">
    <subfield code="a">ben</subfield>
  </datafield>
  <datafield tag="082" ind1=" " ind2=" ">
    <subfield code="a">330.95414</subfield>
    <subfield code="b">HAS 2007</subfield>
    <subfield code="2">23</subfield>
  </datafield>
  <datafield tag="100" ind1=" " ind2=" ">
    <subfield code="a">&#x9B9;&#x9BE;&#x9B0;&#x9C1;&#x9A8;- &#x985;&#x9B0;-&#x9B0;&#x9B6;&#x9BF;&#x9A6;, &#x9AE;&#x9CB;. </subfield>
    <subfield code="9">243991</subfield>
  </datafield>
  <datafield tag="245" ind1="1" ind2="0">
    <subfield code="a">&#x9B8;&#x9C1;&#x9B2;&#x9A4;&#x9BE;&#x9A8;&#x9C0; &#x9B6;&#x9BE;&#x9B8;&#x9A8;&#x9BE;&#x9AE;&#x9B2;&#x9C7; &#x9AC;&#x9BE;&#x982;&#x9B2;&#x9BE;&#x9B0; &#x985;&#x9B0;&#x9CD;&#x9A5; &#x9AC;&#x9CD;&#x9AF;&#x9AC;&#x9B8;&#x9CD;&#x9B9;&#x9BE; (&#x9E7;&#x9E9;&#x9E9;&#x9EE;-&#x9E7;&#x9EB;&#x9E9;&#x9EE; &#x996;&#x9CD;&#x9B0;&#x9C0;.) :</subfield>
    <subfield code="b">&#x98F;&#x995;&#x99F;&#x9BF; &#x9AA;&#x9B0;&#x9CD;&#x9AF;&#x9BE;&#x9B2;&#x9CB;&#x99A;&#x9A8;&#x9BE; /</subfield>
    <subfield code="c">&#x9AE;&#x9CB;. &#x9B9;&#x9BE;&#x9B0;&#x9C1;&#x9A8;- &#x985;&#x9B0;-&#x9B0;&#x9B6;&#x9BF;&#x9A6; ;</subfield>
    <subfield code="6">&#x9A4;&#x9A4;&#x9CD;&#x9A4;&#x9CD;&#x9AC;&#x9BE;&#x9AC;&#x9A7;&#x9BE;&#x9AF;&#x9BC;&#x995; : &#x9B8;&#x9C1;&#x9B2;&#x9A4;&#x9BE;&#x9A8; &#x986;&#x9B9;&#x9AE;&#x9A6;</subfield>
  </datafield>
  <datafield tag="260" ind1=" " ind2=" ">
    <subfield code="a">&#x9B0;&#x9BE;&#x99C;&#x9B6;&#x9BE;&#x9B9;&#x9C0; :</subfield>
    <subfield code="b">&#x987;&#x9B8;&#x9B2;&#x9BE;&#x9AE;&#x9C7;&#x9B0; &#x987;&#x9A4;&#x9BF;&#x9B9;&#x9BE;&#x9B8; &#x993; &#x9B8;&#x982;&#x9B8;&#x9CD;&#x995;&#x9C3;&#x9A4;&#x9BF; &#x9AC;&#x9BF;&#x9AD;&#x9BE;&#x997;, &#x9B0;&#x9BE;&#x99C;&#x9B6;&#x9BE;&#x9B9;&#x9C0; &#x9AC;&#x9BF;&#x9B6;&#x9CD;&#x9AC;&#x9AC;&#x9BF;&#x9A6;&#x9CD;&#x9AF;&#x9BE;&#x9B2;&#x9AF;&#x9BC;,</subfield>
    <subfield code="c">&#x9E8;&#x9E6;&#x9E6;&#x9ED;</subfield>
  </datafield>
  <datafield tag="300" ind1=" " ind2=" ">
    <subfield code="a">[&#x9EB;], iii, &#x9E8;&#x9EA;&#x9EB; &#x9AA;&#x9BE;&#x9A4;&#x9BE; :</subfield>
    <subfield code="b">&#x99A;&#x9BF;&#x98F; ;</subfield>
    <subfield code="c">&#x9E8;&#x9EF; &#x9B8;&#x9C7;&#x9AE;&#x9BF;.</subfield>
  </datafield>
  <datafield tag="502" ind1=" " ind2=" ">
    <subfield code="a">&#x9A5;&#x9BF;&#x9B8;&#x9BF;&#x9B8; ( &#x9AA;&#x9BF;&#x98F;&#x987;&#x99A;. &#x9A1;&#x9BF;. ) -- &#x987;&#x9B8;&#x9B2;&#x9BE;&#x9AE;&#x9C7;&#x9B0; &#x987;&#x9A4;&#x9BF;&#x9B9;&#x9BE;&#x9B8; &#x993; &#x9B8;&#x982;&#x9B8;&#x9CD;&#x995;&#x9C3;&#x9A4;&#x9BF; &#x9AC;&#x9BF;&#x9AD;&#x9BE;&#x997;, &#x9B0;&#x9BE;&#x99C;&#x9B6;&#x9BE;&#x9B9;&#x9C0; &#x9AC;&#x9BF;&#x9B6;&#x9CD;&#x9AC;&#x9AC;&#x9BF;&#x9A6;&#x9CD;&#x9AF;&#x9BE;&#x9B2;&#x9AF;&#x9BC;, &#x9E8;&#x9E6;&#x9E6;&#x9ED;</subfield>
  </datafield>
  <datafield tag="504" ind1=" " ind2=" ">
    <subfield code="a">&#x9A8;&#x9BF;&#x9B0;&#x9CD;&#x9AC;&#x9BE;&#x99A;&#x9BF;&#x9A4; &#x997;&#x9CD;&#x9B0;&#x9A8;&#x9CD;&#x9A5;&#x9AA;&#x99E;&#x9CD;&#x99C;&#x9BF; : &#x9AA;&#x9BE;&#x9A4;&#x9BE; [&#x9E8;&#x9E7;&#x9E9;]-&#x9E8;&#x9E8;&#x9EF;</subfield>
  </datafield>
  <datafield tag="600" ind1=" " ind2=" ">
    <subfield code="d"> 	  . </subfield>
    <subfield code="9">244155</subfield>
  </datafield>
  <datafield tag="651" ind1=" " ind2=" ">
    <subfield code="a">&#x9AD;&#x9BE;&#x9B0;&#x9A4;</subfield>
    <subfield code="z">&#x9AC;&#x999;&#x9CD;&#x997; </subfield>
    <subfield code="x">&#x985;&#x9B0;&#x9CD;&#x9A5;&#x9A8;&#x9C8;&#x9A4;&#x9BF;&#x995; &#x9AA;&#x9B0;&#x9BF;&#x9B8;&#x9CD;&#x9A5;&#x9BF;&#x9A4;&#x9BF;</subfield>
    <subfield code="y">&#x9E7;&#x9E9;&#x9E9;&#x9EE;-&#x9E7;&#x9EB;&#x9E9;&#x9EE; &#x996;&#x9CD;&#x9B0;&#x9C0;.</subfield>
    <subfield code="9">244153</subfield>
  </datafield>
  <datafield tag="651" ind1=" " ind2=" ">
    <subfield code="a">India</subfield>
    <subfield code="z">Bengal </subfield>
    <subfield code="x">Economic conditions </subfield>
    <subfield code="y">1338-1538 A.D.</subfield>
    <subfield code="9">244154</subfield>
  </datafield>
  <datafield tag="700" ind1=" " ind2=" ">
    <subfield code="a">&#x986;&#x9B9;&#x9AE;&#x9A6;, &#x9B8;&#x9C1;&#x9B2;&#x9A4;&#x9BE;&#x9A8;, &#x9A4;&#x9A4;&#x9CD;&#x9A4;&#x9CD;&#x9AC;&#x9BE;&#x9AC;&#x9A7;&#x9BE;&#x9AF;&#x9BC;&#x995;</subfield>
    <subfield code="9">243994</subfield>
  </datafield>
  <datafield tag="942" ind1=" " ind2=" ">
    <subfield code="2">ddc</subfield>
    <subfield code="c">THE</subfield>
  </datafield>
  <datafield tag="999" ind1=" " ind2=" ">
    <subfield code="c">77840</subfield>
    <subfield code="d">77840</subfield>
  </datafield>
  <datafield tag="952" ind1=" " ind2=" ">
    <subfield code="0">0</subfield>
    <subfield code="1">0</subfield>
    <subfield code="2">ddc</subfield>
    <subfield code="4">0</subfield>
    <subfield code="7">1</subfield>
    <subfield code="8">THESES</subfield>
    <subfield code="a">RUCL</subfield>
    <subfield code="b">RUCL</subfield>
    <subfield code="c">Doc/The</subfield>
    <subfield code="d">2008-04-21</subfield>
    <subfield code="e">Controller of Exam., R.U</subfield>
    <subfield code="l">0</subfield>
    <subfield code="o">BTHE 330.95414 HAS 2007</subfield>
    <subfield code="r">2021-01-27 00:00:00</subfield>
    <subfield code="t">C-1</subfield>
    <subfield code="w">2021-12-09</subfield>
    <subfield code="y">THE</subfield>
  </datafield>
</record>
